Objective Physics Vol I & II/ (Record no. 207179)

MARC details
000 -LEADER
fixed length control field 00820nam a22002297a 4500
005 - DATE AND TIME OF LATEST TRANSACTION
control field 20241128161016.0
010 ## - LCCN (DPL NO)
LC control number ENG-142704-705
020 ## - INTERNATIONAL STANDARD BOOK NUMBER
Terms of availability 695.00
International Standard Book Number 9789361590986
020 ## - INTERNATIONAL STANDARD BOOK NUMBER
Terms of availability 645.00
International Standard Book Number 9789361592843
035 ## - SYSTEM CONTROL NUMBER
System control number EN-126236-237
037 ## - SOURCE OF ACQUISITION
Source of stock number/acquisition DBAD
082 ## - DEWEY DECIMAL CLASSIFICATION NUMBER
Classification number 530
Edition number 7
100 ## - MAIN ENTRY--PERSONAL NAME
Personal name Abhay Kumar
245 ## - TITLE STATEMENT
Title Objective Physics Vol I & II/
Statement of responsibility, etc By Abhay Kumar
250 ## - EDITION STATEMENT
Edition statement 7
260 ## - PUBLICATION, DISTRIBUTION, ETC. (IMPRINT)
Place of publication, distribution, etc Uttar Pradesh
Name of publisher, distributor, etc Pearson India Education Pvt Ltd
Date of publication, distribution, etc 2025
270 ## - ADDRESS
City Uttar Pradesh
Address 1st FLoor, Berger Tower, Plot No. C-001A/2, Sector-16B, Noida
Postal code 201301
300 ## - PHYSICAL DESCRIPTION
Extent vpp.
Dimensions 25cm(pb)
Other physical details Index
490 ## - SERIES STATEMENT
Volume number/sequential designation Vol 1, Vol 2
500 ## - GENERAL NOTE
General note | Based on NMC and NCERT Curriculums | 9500+ Chapter-wise MCQs | NEET (UG) 2024 Solved ... 2025 - Objective Physics Vol I & II
942 ## - ADDED ENTRY ELEMENTS (KOHA)
Source of classification or shelving scheme Dewey Decimal Classification
Item type English Books
Classification part 530
Call number suffix ABH
Edition 7
Holdings
Withdrawn status Lost status Materials specified (bound volume or other part) Not for loan Collection code Home library Current library Date acquired Source of acquisition Cost, normal purchase price Full call number Barcode Copy number Cost, replacement price Koha item type
    VOL-1   Non-fiction Central Library Central Library 28/11/2024 Delivery of Books Act Division 695.00 530 ABH EN-126236 1 695.00 English Books
    VOL-2   Non-fiction Central Library Central Library 28/11/2024 Delivery of Books Act Division 645.00 530 ABH EN-126237 1 645.00 English Books

© Delhi Public Library
Hit Counter
free hit counter